Economía y política en la crisis las dificultades de un encuentro duradero entre poder político y economía /

Gorde:
Xehetasun bibliografikoak
Egile nagusia: Casar, José I
Erakunde egilea: Centro de Investigación y Docencia Económicas
Beste egile batzuk: Díaz Rivera, Gabriel
Formatua: Texto
Argitaratua: México: CIDE
Etiketak: Etiketa erantsi
Etiketarik gabe, Izan zaitez lehena erregistro honi etiketa jartzen!

MARC

LEADER 00000 a a2200000 04500
001 21630
003
040
090 |a 096200  
100 |a Casar, José I  
110 |a Centro de Investigación y Docencia Económicas  
245 |a Economía y política en la crisis las dificultades de un encuentro duradero entre poder político y economía /  |c José I Casar 
260 |a México:   |b CIDE  
300 |a 34 p  
700 |a Díaz Rivera, Gabriel  
999 |c 15223  |d 15223